O Gigante ambicioso (Record no. 44638)
[ view plain ]
| 000 -Etiqueta do registo | |
|---|---|
| Valores | 00380nam a2200157 4500 |
| 100 ## - Dados gerais de processamento | |
| Dados gerais | 20250710 pory50 |
| 101 ## - Língua de publicação | |
| Língua | por |
| 102 ## - País de publicação | |
| País | PT |
| 200 ## - Titulo e menção de responsabilidade | |
| Título próprio | O Gigante ambicioso |
| Informação de outro título | contos infantis |
| Primeira menção de responsabilidade | José Ninguém |
| Outras menções de responsabilidade | il. Jorge Barroso |
| 210 ## - Publicação | |
| Local de publicação | [s.l.] |
| Nome do editor | [S.n.] |
| Data de publicação | 2019 |
| 215 ## - Descrição física | |
| Paginação / Volumes | 28 p. |
| 675 ## - CDU | |
| Notação | 821.134.3-34 |
| 801 ## - Fonte de origem | |
| País | PT |
| Regras de catalogação | RPC |
| 990 ## - Elementos KOHA | |
| Tipo de documento | Livro |
| Aquisição | Empréstimo | Código de barras | Cota | Permissão de empréstimo | Tipo de documento |
|---|---|---|---|---|---|
| Biblioteca Municipal de Redondo | Biblioteca Municipal de Redondo | 054324 | 82-93 NIN | Livro |